000 00483cam a2200205ua 4500
001 4700
008 160930n1992 II |||gr||||Z||||||eng
040 _aMAIN
041 _aEnglish
082 _a821 KUN
100 _aKUNDERA, MILAN.
245 _aLIFE IS ELSEWHERE
250 _a1ST.
260 _aKOLKATA
_bRUPA & CO.
_c1992
300 _a311:
_c18CM.
653 _aEnglish poetry
700 _aKUNDERA, MILAN.,
_eAUTHOR.
700 _aKUSSI, PETER.,
_eTRANSLATOR.
942 _cBK
999 _c4687
_d4687